00333nam a2200133Ia 4500008004100000041000800041082001700049100001600066245004400082260002600126300003200152365000900184440000600193240624s9999 xx 000 0 und d aeng a658.4063 DAV aDAVILA TONY aCREATIVE ENTERPRISE MANAGING INNOVATIVE c2007aLondonbPraeger axiii, : 202 : p. : cm. ; 23 cb28 v3